000 00605nam a22001937a 4500
999 _c173624
_d173624
005 20200303172027.0
010 _aENG-127961
020 _a9789389137323
_c620.00
035 _aEN-111493
037 _bDBAD/PUB
082 _a954.65051
100 _aMaj Gen
245 _a71 Dash to Dhaka/
_cby Maj Gen [and] GD Bakshi
260 _aNew Delhi
_bKnowledge Work
_c2020
270 _a4676/21, First floor, Ansari Road,Daryaganj
_bNew Delhi
_e110002
_mkw@kwpub.com
300 _aix;191p.
_c24cm(pbk)
500 _ainclude bibliographical reference
942 _2ddc
_cEN
_h954.65051
_mMAJ